000 00861nac a22002291u 4500
010 _a005668087
020 _a0714718637 (vol 50)
028 _bwww.bl.uk
082 _a621.815
_bOr55
090 _c3337
_d3337
100 _aOrlov, P.
245 _aFundamentals of machine design /
_bP. Orlov.
260 _aMoscow :
_bMir, 1977(1980)-1980.
_c c. 1977(1980)-1980.
300 _av5:
_bill;
_c15cm.
500 _aDonations.
500 _aDonations - Bibliotheca Alexandrina.
500 _aContents: [Vol] 3, translated from the Russian by A. Troitsky - [Vol] 5, translated from the Russian by F. Palkin and V. Palkin.
650 _aMachine design.
700 _aOrlov, P.
942 _cBB
_k621.815Or55
999 _c3337
_d3337